| 000 | 00648nam a2200229Ia 4500 | ||
|---|---|---|---|
| 001 | 9667 | ||
| 003 | GE_BSU | ||
| 008 | 181216s||||||||xx |||||||||||||| ||und|| | ||
| 040 | _cGE_BSU | ||
| 080 | _a82-93+821.1-32 | ||
| 100 | _aმიქაბერიძე,ალ. | ||
| 245 | _aოდისეა | ||
| 245 | _bმოთხრობები | ||
| 245 | _cპ/მ რედ. შ.თაბუკაშვილი | ||
| 260 | _aტფილისი | ||
| 260 | _bსახელგამი | ||
| 260 | _c1937 | ||
| 300 | _a228გვ.23სმ. | ||
| 653 | _aმოთხრობები | ||
| 653 | _aოდისეა | ||
| 942 | _cBK | ||
| 999 |
_c42951 _d42951 |
||